National FIFA Team Logos #2 - Statistics

General Stats
  • This quiz has been taken 19 times
  • The average score is 14 of 16
Answer Stats
Picture Answer % Correct
Australia
100%
Austria
100%
Iran
100%
Japan
100%
Senegal
100%
Turkey
100%
Denmark
94%
Canada
88%
Norway
88%
Panama
88%
Russia
88%
Ukraine
88%
Ecuador
81%
Egypt
81%
South Korea
75%
Switzerland
75%
No matching quizzes found
Score Distribution
Percent of People with Each Score
Percentile by Number Answered
Your Score History
You have not taken this quiz